The interpretation of illness /

Bibliographic Details
Main Author: Homer, Frederic D.
Format: Book
Language:English
Published: West Lafayette, Ind. : Purdue University Press, 1988.
Subjects:

MARC

Tag First Indicator Second Indicator Subfields
LEADER 00000cam a2200000 a 4500
001 in00000020139
005 20151007053830.0
008 870608s1988 inu 00010 eng c
010 |a  87007221  
020 |a 0911198881 (pbk.) :  |c $12.95 
035 |a (OCoLC)16090968 
035 |9 AAB2975AM 
040 |a DNLM/DLC  |c DLC  |d TXA  |d UtOrBLW 
049 |a TXAM  |c [A11059378] 
050 0 0 |a RC49  |b .H63 1988 
060 0 |a WM 460.7 H766i 
082 0 |a 616.89  |2 19 
100 1 |a Homer, Frederic D. 
245 1 4 |a The interpretation of illness /  |c by Frederic D. Homer. 
264 1 |a West Lafayette, Ind. :  |b Purdue University Press,  |c 1988. 
300 |a x, 225 pages ;  |c 23 cm. 
336 |a text  |b txt  |2 rdacontent 
337 |a unmediated  |b n  |2 rdamedia 
338 |a volume  |b nc  |2 rdacarrier 
650 0 |a Medicine, Psychosomatic. 
650 0 |a Psychoanalytic interpretation. 
650 0 |a Self-disclosure. 
600 1 0 |a Groddeck, Georg,  |d 1866-1934. 
999 |a MARS 
999 f f |s eacf811b-3b23-3a3f-9e29-454c9855eb53  |i 4fab2f77-0eee-3751-8ee9-808d111b6624  |t 0 
952 f f |p ric  |a Texas A&M University  |b Rellis Campus  |c Joint Library Facility  |d Remote Storage  |t 0  |e RC49 .H63 1988  |h Library of Congress classification  |i unmediated -- volume  |m A14811059378 
998 f f |a RC49 .H63 1988  |t 0  |l Remote Storage